Selected Addresses Delivered at the Conference on English Education
محفوظ في:
التنسيق: دورية
اللغة: Undetermined
منشور في:
JSTOR
National Council of Teachers of English
الموضوعات:
الوصول للمادة أونلاين: Login to view Source
الوسوم: إضافة وسم
لا توجد وسوم, كن أول من يضع وسما على هذه التسجيلة!
رقم الطلب:
| LEADER | 00536nas a2200157Ia 4500 | ||
|---|---|---|---|
| 008 | 220214c99999999xx |||||||||||| ||und|| | ||
| 022 | |a 0573-3561 | ||
| 245 | 0 | 0 | |a Selected Addresses Delivered at the Conference on English Education |
| 264 | 1 | |b JSTOR | |
| 264 | 1 | |b National Council of Teachers of English | |
| 362 | 0 | |a (1963)-(1968) | |
| 653 | 1 | 0 | |a Social Sciences |
| 856 | 4 | 0 | |u https://www.jstor.org/journal/seladdelconenged |
| 942 | |c JL | ||
| 952 | |0 0 |1 0 |4 0 |7 1 |9 37172 |a JSR |b JSR |d 2022-02-14 |l 0 |r 2022-02-14 00:00:00 |w 2022-02-14 |y JL | ||
| 999 | |c 45503 |d 45503 | ||
